000 00637nam a22001697a 4500
999 _c1967
_d1967
005 20180428095612.0
008 090729t xxu||||| |||| 00| 0 eng d
020 _a082476725X
080 _a517.53
_bSTA
100 _aMiller, Sanford. S.
_eed.
110 _aState University College at Brockport 1976
_91348
245 _aComplex analysis:
_bproceedings of the S.U.N.Y. Brockport conference
260 _aNew York
_bMarcel Dekker
_c1978
300 _axii,177p.
490 _aLecture notes in pure and applied mathematics,
_vv.36
653 _aFunctions of complex variables
_aUnivalent functions
942 _cBK